| 000 | 01030cam a2200193 4500 | ||
|---|---|---|---|
| 001 | WB3942-19 | ||
| 008 | 031105n2003 000 0 eng u | ||
| 035 | _a(Sirsi) u124237 | ||
| 245 | _aRICS London 2012 Olympics website launched | ||
| 260 | _c2003 | ||
| 490 |
_aRICS Press Release _v(pr103) 4 November 2003 (1) |
||
| 520 | _aRICS has launched a new resource for all those interested in the Olympic Games and the development opportunities. The "RICS Olympics 2012 website" will provide up to the minute news, case studies and reports by leading property and regeneration firms along with recruitment and education opportunities from the nine cities bidding for the 2012 Olympic Games. News content and features are written by independent correspondents, analysing the strengths and weaknesses of each bid. The "RICS Olympics 2012 website" is at http://www.rics.org/olympics2012. | ||
| 590 | _aWB | ||
| 650 | _aOLYMPIC GAMES | ||
| 650 | _aLONDON 2012 OLYMPIC BID | ||
| 650 | _aRICS | ||
| 690 | _aRICS NEWS | ||
| 942 | _n0 | ||
| 999 |
_c73745 _d73745 |
||